MDQL
is popping MORE tags! Check the
thread
!
Quizzes
Events
Quiz Creation
Community
Videos
Private Events
Remove Ads
Sign In
Join for FREE
Feedback
Dark Mode
Quiz Categories
Sports
Geography
Music
Movies
Television
Just For Fun
Miscellaneous
History
Literature
Language
Science
Gaming
Entertainment
Religion
Holiday
For Kids
Quiz Lab
Recent
Popular Today
Quiz Kudos Today
Editor Picks
Curator Picks
Quizzes by...
Day
Popularity
Type
Ratings
Length
Year
Community
Subscriptions
Recent Discussions
Orange Saloon
Badges
Playlists
Quests
Create
Leaderboards
Showdown
Live 5
Trivia Bingo
Activity
Puzzle Library
Sporcle Events
Private Events
Virtual Trivia
Globe League
Become a Host
Pub Owners
SporcleCon
Opinionation
Our Games
Videos
Blog
Mobile Apps
Partnerships
Remove Ads and Go Orange
Feedback
Language
Vocabulary
Begins and Ends
Definition
Spanish
French
German
Italian
Chinese
Latin
Translation
Japanese
Language
Vocabulary
Begins and Ends
Definition
Spanish
French
German
Italian
Chinese
Latin
Translation
Japanese
Random Quiz
Search Sporcle
×
Editor Pick
Editor Pick
Language
4-letter
Type in answers that appear in a list
Type in answers that appear in a list
Classic
Best Score? Go Orange.
8-Letter Word Sandwiches Stats
Can you name the 8-Letter words formed by sandwiching* two 4-letter words?
By
puckett86
7m
40 Questions
419 Plays
419 Plays
419 Plays
Comments
Comments
Give Quiz Kudos
Give Quiz Kudos
-
- Ratings
hide this ad
More Info
Replay
Link that replays current quiz
Next Quiz
Link to next quiz in quiz playlist
You Got
0%
They Got
Avg Score
54%
Avg Friend Score
Upgrade to see
Score Distribution
Jump to the score distribution portion of the page
Score
0/40
Timer
07:00
0
Plays Today
4-Letter
8-Letter
% Correct
Bread
ABLY + SENT = ABSENTLY
81.1%
Meat
ABLY + SENT = ABSENTLY
81.1%
Bread
BEER + HOLD = BEHOLDER
80.7%
Meat
BEER + HOLD = BEHOLDER
80.7%
Bread
EPIC + IDEM = EPIDEMIC
71.1%
Meat
EPIC + IDEM = EPIDEMIC
71.1%
Bread
REAL + BUTT = REBUTTAL
64.4%
Meat
REAL + BUTT = REBUTTAL
64.4%
Bread
COAL + LOSS = COLOSSAL
62.3%
Meat
COAL + LOSS = COLOSSAL
62.3%
Bread
VIED + BRAT = VIBRATED
61.1%
Meat
VIED + BRAT = VIBRATED
61.1%
Bread
CHAT + ITCH = CHITCHAT
58.9%
Meat
CHAT + ITCH = CHITCHAT
58.9%
Bread
HOLY + ARSE = HOARSELY
55.8%
Meat
HOLY + ARSE = HOARSELY
55.8%
Bread
SEER + AFAR = SEAFARER
53%
Meat
SEER + AFAR = SEAFARER
53%
Bread
VICE + BRAN = VIBRANCE
51.1%
Meat
VICE + BRAN = VIBRANCE
51.1%
4-Letter
8-Letter
% Correct
Bread
LATE + UREA = LAUREATE
47.7%
Bread
VAIN + NILL = VANILLIN
47.7%
Meat
VAIN + NILL = VANILLIN
47.7%
Meat
LATE + UREA = LAUREATE
47.7%
Bread
LILY + NEAR = LINEARLY
47.5%
Meat
LILY + NEAR = LINEARLY
47.5%
Bread
CANE + ROTE = CAROTENE
47.3%
Meat
CANE + ROTE = CAROTENE
47.3%
Bread
RENT + SIDE = RESIDENT
46.5%
Meat
RENT + SIDE = RESIDENT
46.5%
Bread
SENT + DIME = SEDIMENT
46.3%
Meat
SENT + DIME = SEDIMENT
46.3%
Bread
LINT + GAME = LIGAMENT
45.3%
Meat
LINT + GAME = LIGAMENT
45.3%
Bread
DOER + MINE = DOMINEER
44.4%
Meat
DOER + MINE = DOMINEER
44.4%
Bread
SIDE + DELI = SIDELINE
42.7%
Meat
SIDE + DELI = SIDELINE
42.7%
Bread
CASE + THOU = CATHOUSE
42.5%
Meat
CASE + THOU = CATHOUSE
42.5%
Quiz Playlist
Details
Report
Send in Message
Add To Playlist
More Info:
*DIRECTIONS: The 8-letter word is formed by placing the 4-letter word in the 2nd column directly in the middle of the 4-letter word in the 1st column.
Classic:
Type in answers that appear in a list
Last Updated: Feb 16, 2017
Editor Pick in
Language
Quiz Scoreboard
CHALLENGE
Sign Up to Join the Scoreboard
Show All
Scores
Hide
Comments
May contain spoilers
Recently Published
Holiday 10x10 Sorting Gallery
by lukepisani3
Holiday
15m
Two Season TV Shows II
by 123Four
Television
10m
Image Sorting: Flags VI
by Barbecue
Geography
2m
More to Explore
Quiz From the Vault
Featured Blog Post
14 Easter Pick-up Lines to Find Eggs With
hide this ad
You Might Also Like...
Tags
4-letter
8-letter
combine
eight
Formed
four
middle
Sandwich
Today's Top Quizzes in Language
Browse Language
hide this ad
Today's Top Quizzes in 4-letter
Browse 4-letter
Top Contributed Quizzes in Language
1
What Word Starts All?
2
1-10 Letter F Words III
3
Weisst du, aus welchen Sprachen diese Wörter stammen?
4
1-10 Letter G Words III
5
1-10 Letter H Words III
6
Harry Potter book 6 chapters: English & Greek
7
Arabic Numerals
8
1-10 Letter I Words III
9
One Thing in Common: Italy
10
Celtic Nations in their Language
Explore More
Trending Topics
Marvel
Crossword
Disney
Harry Potter
Kpop
Anime
NBA
WWE
Puzzle
Song
Pokémon
NFL
Country
Soccer
The Office
hide this ad
More By:
puckett86
Quiz
Plays
Rating
Category
Featured
Created
World Countries Border Blitz
1,280,429
4.82
Geography
Mar 4, 2011
Board Games by Board
585,979
4.36
Gaming
Oct 20, 2010
Logical Logic Puzzle
515,675
4.30
Just For Fun
Mar 16, 2013
Blitz: Name a Country
490,010
4.75
Geography
Mar 23, 2011
Country Ending in 'A' per Letter
417,021
4.61
Geography
Aug 3, 2010
Go to Creator's Profile
Score Distribution
Quiz Creator Spotlight
puckett86
Follow
Send a Message
Quizzes Created
-
Created Quiz Play Count
-
More By This Creator
Popular Quizzes Today
1
Find the US States - No Outlines Minefield
2
Colored Red Africa Blitz
3
Find the 'City' Movie
4
The Countries of the World
5
Find the US States
6
5x2 Blitz: Bands
7
Find the Countries of Europe - No Outlines Minefield
8
US States
More Language Quizzes
Progressive Synonyms
Published
Trending Quizzes
Colored Red Europe Blitz I
Colored Red Europe Blitz II
Colored Red Africa Blitz II
Colored Red Europe Blitz III
Colored Red Africa Blitz III
Recently Updated
Odd Team Out - Big 4 Players
pecheneg
Quick Pick: 20 Twenties
pecheneg
March Madness Men's Triple Doubles
pecheneg
How Do You Spell That?
pecheneg
Godzilla Movies
pecheneg
Grab Bag: 4-10 Letters
pecheneg
2024 March Madness Bracket
pecheneg
Famous TV Couples
Peacemaker
Champions League XIs: Real Madrid
pecheneg
Largest US Cities 1790-2010
pecheneg
Trending Topics
Harry Potter
Anime
NBA
Disney
Kpop
Crossword
Marvel
Country
The Office
Song
WWE
NFL
Soccer
Puzzle
Pokémon
Your Account Isn't Verified!
In order to create a playlist on Sporcle, you need to verify the email address you used during registration. Go to your
Sporcle Settings
to finish the process.
Report this User
Report this user for behavior that violates our
Community Guidelines
.
Details:
Send Report
Go to the Sporcle.com Mobile Site →
Comments